| 000 | 00853nam a2200277 a 4500 | ||
|---|---|---|---|
| 001 | BRCA_5668 | ||
| 005 | 20190320205156.0 | ||
| 008 | 040211s1943----u--a######---#000-0#eng-# | ||
| 041 | _aeng | ||
| 044 | _au | ||
| 050 | 4 |
_aNK2135 _b.H36 2 _c1943 |
|
| 110 | 2 |
_aThorne, James Ward _914405 |
|
| 245 | 1 | 0 |
_aHandbook to the European rooms in miniature _cby James Ward Thorne ; foreword and text by Meyric R. Rogers, photo by Ralston-Hughes. |
| 250 | _a3 | ||
| 260 |
_aChicago, Illinois _bArt Institute of Chicago _cc1943 |
||
| 300 |
_a64 p. _bil., 30 láminas _c19 cm. |
||
| 500 | _aEjemplar igual a E48 | ||
| 500 | _aVer también U104 | ||
| 500 | _aU105 | ||
| 650 | 1 | 4 |
_aDecoración y ornamentación _93592 |
| 650 | 1 | 4 |
_aMaquetas _914096 |
| 700 | 1 |
_aRogers, Meyric R. _914097 |
|
| 700 | 1 |
_aHughes, Ralston _914098 |
|
| 902 | _aGFM | ||
| 942 |
_2lcc _cB |
||
| 999 |
_c5361 _d5361 |
||